Southville International School and Colleges
Your cart is empty.
  • Cart
  • Lists
    Public lists Eva Luna New books Lux_list list_1
    Your lists Log in to create your own lists
  • Log in to your account
  • Your cookies
  • Search history
Southville International School and Colleges
  • Advanced search
  • Recent comments
  • Most popular
  • Libraries

Log in to your account

Log in with GOOGLE


If you do not have an external account, but do have a local account, you can still log in:

  1. Home
  2. MARC view: Managing organizational change :
Normal view MARC view ISBD view

Managing organizational change : (Record no. 23386)

[ view plain ]
MARC details
000 -LEADER
fixed length control field 00606nam a2200217 a 4500
005 - DATE AND TIME OF LATEST TRANSACTION
control field 20140310183450.0
008 - FIXED-LENGTH DATA ELEMENTS--GENERAL INFORMATION
fixed length control field 090120s19uu xx 00 eng d
020 ## - INTERNATIONAL STANDARD BOOK NUMBER
International Standard Book Number 0071238387
050 ## - LIBRARY OF CONGRESS CALL NUMBER
Classification number HD 58.8
Item number .P347 2006
100 ## - MAIN ENTRY--PERSONAL NAME
Personal name Palmer, Ian
245 ## - TITLE STATEMENT
Title Managing organizational change :
Remainder of title a multiple perspectives approach. /
Statement of responsibility, etc Ian Palmer
260 ## - PUBLICATION, DISTRIBUTION, ETC. (IMPRINT)
Place of publication, distribution, etc Boston :
Name of publisher, distributor, etc McGraw-Hill,
Date of publication, distribution, etc 2006.
300 ## - PHYSICAL DESCRIPTION
Extent 367 p. :
Other physical details ill. ;
Dimensions 23 cm.
521 ## - TARGET AUDIENCE NOTE
Target audience note
650 ## - SUBJECT ADDED ENTRY--TOPICAL TERM
Topical term or geographic name as entry element BSBA.
650 ## - SUBJECT ADDED ENTRY--TOPICAL TERM
Topical term or geographic name as entry element Organizational change.
700 ## - ADDED ENTRY--PERSONAL NAME
Personal name Dunford, Richard
700 ## - ADDED ENTRY--PERSONAL NAME
Personal name Akin, Gib
942 ## - ADDED ENTRY ELEMENTS (KOHA)
Koha item type Books
Source of classification or shelving scheme Library of Congress Classification
Call number prefix Foreign
Holdings
Withdrawn status Lost status Source of classification or shelving scheme Damaged status Home library Current library Shelving location Date acquired Source of acquisition Cost, normal purchase price Total Checkouts Total Renewals Full call number Barcode Date last seen Date checked out Copy number Price effective from Koha item type
  Lost and Paid For Library of Congress Classification   College Library College Library Graduate Section 01/20/2009 Donation 1940.00 1 6 HD 58.8 .P347 2006 C10063 11/22/2017 03/08/2017 1 10/18/2013 Books

Managing organizational change :

APA

Palmer I., Dunford R. & Akin G. (2006). Managing organizational change. Boston: McGraw-Hill.

Chicago

Palmer Ian, Dunford Richard and Akin Gib. 2006. Managing organizational change. Boston: McGraw-Hill.

Harvard

Palmer I., Dunford R. and Akin G. (2006). Managing organizational change. Boston: McGraw-Hill.

MLA

Palmer Ian, Dunford Richard and Akin Gib. Managing organizational change. Boston: McGraw-Hill. 2006.

  • Print
  • Cite
  • Add to your cart (remove)
  • Save record
    BIBTEX Dublin Core MARCXML MARC (non-Unicode/MARC-8) MARC (Unicode/UTF-8) MARC (Unicode/UTF-8, Standard) MODS (XML) RIS
  • More searches
    Search for this title in:
    Other Libraries (WorldCat) Other Databases (Google Scholar) Online Stores (Bookfinder.com) Open Library (openlibrary.org)

Exporting to Dublin Core...

SOUTHVILLE LIBRARY

Southville International School and Colleges Library

1281 Tropical Ave. Cor. Luxembourg St., BF Homes International, Las Pinas City

Tel. No. 8256374 / 252358 Loc. 117/146

Powered by Koha